000 00623nam a22001817a 4500
999 _c180036
_d180036
005 20210722114254.0
010 _aENG-129609
020 _a978-93-88542-18-0
_c200.00
035 _aEN-113141
037 _bDBAD/PUB
082 _a294.5550922
100 _aMukherjee, Somenath
245 _aSwami Vivekananda:
_bHis Impact on Eminent Westerners/
_cby Somenath Mukherjee
260 _aKolkata
_bSwami Suparnananda
_c2020
270 _aRamakrishna Mission Institure of Culture,
_bGol Park, Kolkata
_e700029
300 _a304p.
_c21cm(pbk)
_bReferences and Notes, Index
942 _2ddc
_cEN
_h294.5550922
_mMUK